000 00546nam a2200193 ar4500
001 848
005 20221127090032.0
008 080611s xxua 00110|eng d
020 _a0782141102
041 0 _aEng
082 0 4 _a006.6
_bR661 2002
_222
100 1 _aRomaniello, Steve.
245 1 0 _aPhotoshop 7 /
_cS. Romaniello
260 _aSan Francisco, CA ;
_aLondon :
_bSybex,
_c2002
300 _a625 p. :
_bill. ;
_c23 cm.
_e1 CD
504 _aIncludes bibl. references and index.
650 4 _aComputer graphics.
650 4 _aEngineering graphics.
999 _c848
_d848